| 000 | 01128nam0a22002771 4500 | ||
|---|---|---|---|
| 001 | RU\NLR\A1SV\140262 | ||
| 005 | 20251203171251.9 | ||
| 035 | _a(NLR Aleph) 010781633 | ||
| 090 |
_a10071216 _c10071216 |
||
| 100 | _a20150601d1921 u y0rusy50 ca | ||
| 101 | 0 | _arus | |
| 102 | _aRU | ||
| 200 | 1 |
_aО задачах изучения крестьянского хозяйства опытными учреждениями _fА.А.Эмме |
|
| 210 |
_aМ. _cРабочий кооператив "Печатный техник", арендатор 21 тип. МГСНХ б.Желудкова _d1921 |
||
| 215 |
_a20 c. _cдиагр. _d22 см |
||
| 225 |
_aОпыт. поле Петров. с.-х. акад. _eПод ред. проф. А.Г.Дояренко _h1921 _vБюл. № 26 |
||
| 620 | _dМосква | ||
| 700 | 1 |
_aЭмме _bА.А. _f1893-? _gАдольф Адольфович |
|
| 702 | 1 |
_aДояренко _bА.Г. _f1874-1958 _gАлексей Григорьевич |
|
| 801 | 0 |
_aRU _bNLR _c20150601 |
|
| 852 |
_aNLR _j37.60.2.44 |
||
| 852 |
_aNLR _j37.60.2.44а |
||
| 942 | _cBOOK | ||
| 980 | _aNB | ||
| 980 | _aA1SV | ||